[Event "Bad Wildbad op"]
[Site "Bad Wildbad"]
[Date "2001.??.??"]
[Round "3"]
[White "Klein, Lawrence"]
[Black "Gossmann, Ewald J"]
[Result "1/2-1/2"]
[WhiteElo "2265"]
[BlackElo "2014"]
[PlyCount "99"]
[EventDate "2001.??.??"]
[EventType "swiss"]
[EventRounds "9"]
[EventCountry "GER"]
[SourceTitle "CBM 085 Extra"]
[Source "ChessBase"]
[SourceDate "2002.01.21"]
[SourceVersion "1"]
[SourceVersionDate "2002.01.21"]
[SourceQuality "1"]

1. d4 g6 2. c3 Bg7 3. Bf4 d5 4. Nf3 Nf6 5. Nbd2 0-0 6. h3 Nbd7 7. e3 b6 8. Bb5 Bb7 9. Ne5 Nxe5 10. Bxe5 Nd7 11. Bxg7 Kxg7 12. Nf3 c6 13. Bd3 Qc7 14. 0-0 e5 15. dxe5 Nxe5 16. Nxe5 Qxe5 17. Qa4 Rfe8 18. Rae1 c5 19. f4 Qd6 20. f5 c4 21. Bb1 Bc6 22. Qd1 Qc5 23. Qf3 Qf8 24. Qf4 Rac8 25. fxg6 hxg6 26. Qf6+ Kg8 27. Rf4 Qg7 28. Qg5 Re5 29. Qg3 Rce8 30. Rg4 Bd7 31. Rf4 Qh6 32. Qf2 R8e7 33. Rf1 Be6 34. Rf3 Rg5 35. Rg3 Rxg3 36. Qxg3 Bd7 37. Rf3 Be6 38. Rf6 Kg7 39. Qe5 Kf8 40. Bxg6 Bxh3 41. Qd6 Qxe3+ 42. Kh2 Be6 43. Bb1 Qg5 44. Qd8+ Kg7 45. Rf3 Bg4 46. Rf1 Qh4+ 47. Kg1 Qg5 48. Qd6 Qe3+ 49. Rf2 Qe1+ 50. Rf1 1/2-1/2

[Event "GER-chT U20"]
[Site "Bochum"]
[Date "1990.??.??"]
[Round "5"]
[White "Klein, Lawrence"]
[Black "Kern, Johannes"]
[Result "1/2-1/2"]
[WhiteElo "2265"]
[BlackElo "2255"]
[PlyCount "120"]
[EventDate "1990.??.??"]
[EventType "team"]
[EventRounds "9"]
[EventCountry "GER"]
[SourceTitle "EXT 2002"]
[Source "ChessBase"]
[SourceDate "2001.11.25"]
[SourceVersion "1"]
[SourceVersionDate "2001.11.25"]
[SourceQuality "1"]

1. d4 Nf6 2. c4 e6 3. Nc3 Bb4 4. a3 Bxc3+ 5. bxc3 c5 6. f3 d5 7. cxd5 Nxd5 8. dxc5 Qa5 9. e4 Ne7 10. Be3 0-0 11. Qc2 Na6 12. Be2 Bd7 13. Nh3 Nxc5 14. 0-0 Rac8 15. c4 Na4 16. Rac1 e5 17. Nf2 Nc5 18. Qb2 f6 19. Qb4 Qc7 20. Rfd1 Be6 21. Rb1 b6 22. Rbc1 Nc6 23. Qb1 Na5 24. Qb5 Qf7 25. Rc3 Rc7 26. Rdc1 Rd8 27. Nd3 Nxd3 28. Bxd3 Nb7 29. Be2 Nc5 30. Qb4 Qe8 31. Qb5 Qf7 32. Qb4 Rd6 33. Qb5 g6 34. Rd1 Rxd1+ 35. Bxd1 Qe7 36. Be2 Kg7 37. Rc1 f5 38. exf5 gxf5 39. Qb2 Bf7 40. f4 Kg8 41. Qxe5 Qxe5 42. fxe5 Ne4 43. Bd3 Be6 44. g4 Rg7 45. Bxe4 fxe4 46. g5 h6 47. h4 hxg5 48. hxg5 Rc7 49. c5 bxc5 50. Rxc5 Rxc5 51. Bxc5 a6 52. Kf2 Kf7 53. Ke3 Bf5 54. Kf4 Ke6 55. Bd4 Bg6 56. a4 Kd5 57. Be3 Ke6 58. a5 Kd5 59. Bb6 Ke6 60. Bc7 Kd7 1/2-1/2

[Event "Philadelphia"]
[Site "Philadelphia"]
[Date "1989.??.??"]
[Round "5"]
[White "Baquero, Luis A"]
[Black "Klein, Lawrence"]
[Result "1-0"]
[WhiteElo "2335"]
[BlackElo "2280"]
[PlyCount "95"]
[EventDate "1989.??.??"]
[EventType "tourn"]
[EventRounds "11"]
[EventCountry "USA"]
[EventCategory "4"]
[SourceTitle "EXT 1997"]
[Source "ChessBase"]
[SourceDate "1996.11.15"]
[SourceVersion "1"]
[SourceVersionDate "1996.11.15"]
[SourceQuality "1"]

1. c4 Nf6 2. Nc3 c5 3. Nf3 e6 4. g3 b6 5. Bg2 Bb7 6. 0-0 a6 7. d4 cxd4 8. Qxd4 Be7 9. Na4 b5 10. cxb5 axb5 11. Nc5 Bd5 12. Be3 Nc6 13. Qc3 0-0 14. Rfd1 d6 15. Nd3 Ne4 16. Qc2 Rc8 17. Nf4 Nb4 18. Qb1 Ba8 19. Ne1 Nf6 20. Bh3 Be4 21. Nfd3 Nbd5 22. Bd2 Qb6 23. Bg2 Rc7 24. a4 b4 25. a5 Qb5 26. f3 Bxd3 27. Qxd3 Qc5+ 28. Kh1 Nd7 29. e4 N5f6 30. Rdc1 Qa7 31. Rxc7 Qxc7 32. Bxb4 Rb8 33. Qd2 Qb7 34. Ba3 Ne5 35. Qe2 Qb3 36. a6 Nc4 37. Qd3 Qxd3 38. Nxd3 Ra8 39. Bb4 Nd7 40. f4 Nb8 41. a7 Nc6 42. Ra6 Nxb4 43. Nxb4 Bd8 44. e5 d5 45. Nxd5 exd5 46. Bxd5 Nb6 47. Bxa8 Nxa8 48. Rc6 1-0

[Event "Philadelphia"]
[Site "Philadelphia"]
[Date "1989.??.??"]
[Round "6"]
[White "Klein, Lawrence"]
[Black "Szmetan, Ricardo"]
[Result "0-1"]
[WhiteElo "2280"]
[BlackElo "2300"]
[PlyCount "82"]
[EventDate "1989.??.??"]
[EventType "tourn"]
[EventRounds "11"]
[EventCountry "USA"]
[EventCategory "4"]
[SourceTitle "EXT 1997"]
[Source "ChessBase"]
[SourceDate "1996.11.15"]
[SourceVersion "1"]
[SourceVersionDate "1996.11.15"]
[SourceQuality "1"]

1. Nf3 Nf6 2. c4 a6 3. g3 b5 4. b3 Bb7 5. Bg2 c5 6. 0-0 g6 7. Bb2 Bg7 8. Qc2 Qb6 9. d4 d6 10. Nbd2 0-0 11. d5 Nbd7 12. Rfe1 Rae8 13. e4 e5 14. dxe6 Rxe6 15. Ng5 Re7 16. f4 Rfe8 17. Rad1 b4 18. Nh3 Nxe4 19. Bxg7 Nxd2 20. Rxe7 Rxe7 21. Bxb7 Qxb7 22. Qxd2 Kxg7 23. Qxd6 Nf6 24. Qxc5 Re2 25. Nf2 Qf3 26. Rf1 Rxa2 27. Qd4 Qxb3 28. Ne4 Qb2 29. Qxb2 Rxb2 30. Nxf6 Kxf6 31. Ra1 b3 32. Rxa6+ Kf5 33. Rb6 Ke4 34. Kf1 Kd4 35. Rb7 Kxc4 36. Rc7+ Kd3 37. Rd7+ Ke3 38. Rb7 f5 39. Rb6 h5 40. Rb8 h4 41. Rb6 h3 0-1

[Event "Philadelphia"]
[Site "Philadelphia"]
[Date "1988.??.??"]
[Round "9"]
[White "Dauvergne, Peter"]
[Black "Klein, Lawrence"]
[Result "1-0"]
[WhiteElo "2275"]
[BlackElo "2285"]
[PlyCount "99"]
[EventDate "1988.??.??"]
[EventType "tourn"]
[EventRounds "13"]
[EventCountry "USA"]
[EventCategory "3"]
[SourceTitle "EXT 2006"]
[Source "ChessBase"]
[SourceDate "2005.11.24"]
[SourceVersion "1"]
[SourceVersionDate "2005.11.24"]
[SourceQuality "1"]

1. d4 Nf6 2. c4 c5 3. Nf3 cxd4 4. Nxd4 e6 5. Nc3 Bb4 6. Qc2 b6 7. e3 Bb7 8. Bd3 0-0 9. 0-0 Na6 10. a3 Bxc3 11. Qxc3 d5 12. b4 Rc8 13. Qb3 Ng4 14. cxd5 Qd6 15. f4 Nc7 16. dxe6 fxe6 17. h3 Nd5 18. Nb5 Qd7 19. hxg4 a6 20. Nd4 Rc3 21. Qd1 Nxf4 22. Bxh7+ Kxh7 23. exf4 Rg3 24. Ra2 Rd8 25. Rd2 Qxd4+ 26. Kh2 Rxg2+ 27. Rxg2 Qxd1 28. Rxd1 Rxd1 29. Rc2 Rh1+ 30. Kg3 Rg1+ 31. Kh4 Kg6 32. Be3 Rh1+ 33. Kg3 b5 34. Rc7 Bd5 35. Bd4 Rd1 36. Rxg7+ Kh6 37. g5+ Kh5 38. Rh7+ Kg6 39. Rh6+ Kf7 40. g6+ Ke7 41. Rh7+ Ke8 42. g7 e5 43. Rh8+ Kd7 44. Bxe5 Rd2 45. Kg4 Rg2+ 46. Kf5 Rg1 47. Rh6 Bb7 48. Rb6 Bc8 49. Kf6 Ke8 50. Rb8 1-0

[Event "Philadelphia"]
[Site "Philadelphia"]
[Date "1988.??.??"]
[Round "4"]
[White "Dehmelt, Karl"]
[Black "Klein, Lawrence"]
[Result "1-0"]
[WhiteElo "2290"]
[BlackElo "2285"]
[PlyCount "129"]
[EventDate "1988.??.??"]
[EventType "tourn"]
[EventRounds "13"]
[EventCountry "USA"]
[EventCategory "3"]
[SourceTitle "EXT 2006"]
[Source "ChessBase"]
[SourceDate "2005.11.24"]
[SourceVersion "1"]
[SourceVersionDate "2005.11.24"]
[SourceQuality "1"]

1. d4 Nf6 2. Nf3 c5 3. d5 g6 4. a4 Bg7 5. c4 d6 6. Nc3 0-0 7. e4 Bg4 8. Be2 e5 9. dxe6 fxe6 10. e5 dxe5 11. Qxd8 Rxd8 12. Be3 Nbd7 13. h3 Bxf3 14. Bxf3 e4 15. Be2 Ne5 16. 0-0 b6 17. Nb5 Ne8 18. Rad1 Nd3 19. b3 Be5 20. Bg4 Ng7 21. f4 a6 22. fxe5 axb5 23. cxb5 Nf5 24. Bg5 Rd4 25. Bf6 Kf7 26. Kh2 h5 27. Be2 Kg8 28. Bxd3 Rxd3 29. Rxd3 exd3 30. Rd1 Ne3 31. Rxd3 Nd5 32. Bg5 Ra7 33. Kg3 Rf7 34. Rf3 Rd7 35. Kf2 Kg7 36. Ke2 Kh7 37. g4 Kg7 38. Bd2 hxg4 39. hxg4 Rd8 40. Bg5 Re8 41. Kd3 Rc8 42. Kc4 Ra8 43. Bf6+ Kf7 44. Rh3 Nxf6 45. Rf3 g5 46. Rxf6+ Ke7 47. Rg6 Kf7 48. Rf6+ Ke7 49. Rh6 Rf8 50. Rh7+ Kd8 51. Rb7 Rf4+ 52. Kc3 Rf3+ 53. Kb2 Rf2+ 54. Ka3 Rf3 55. Rxb6 c4 56. Kb2 Rxb3+ 57. Kc2 Ra3 58. Rxe6 Rxa4 59. Kc3 Ra3+ 60. Kxc4 Ra4+ 61. Kd5 Rxg4 62. Rg6 Rg1 63. b6 Rb1 64. Rg8+ Kd7 65. e6+ 1-0

[Event "Philadelphia"]
[Site "Philadelphia"]
[Date "1986.??.??"]
[Round "?"]
[White "Costigan, Richard"]
[Black "Klein, Lawrence"]
[Result "1/2-1/2"]
[WhiteElo "2310"]
[BlackElo "2365"]
[PlyCount "76"]
[EventDate "1986.??.??"]
[EventType "tourn"]
[EventRounds "11"]
[EventCountry "USA"]
[EventCategory "5"]
[SourceTitle "EXT 1997"]
[Source "ChessBase"]
[SourceDate "1996.11.15"]
[SourceVersion "1"]
[SourceVersionDate "1996.11.15"]
[SourceQuality "1"]

1. e4 e6 2. d4 d5 3. Nd2 Nf6 4. e5 Nfd7 5. c3 c5 6. Bd3 Nc6 7. Ne2 cxd4 8. cxd4 f6 9. exf6 Nxf6 10. 0-0 Bd6 11. Nf3 Qc7 12. Bg5 0-0 13. Rc1 Ng4 14. h3 Rxf3 15. hxg4 Rf7 16. Qc2 g6 17. Bh6 Qe7 18. g3 Bd7 19. Qb3 e5 20. Qxd5 Nb4 21. Qxb7 Rb8 22. Qe4 Nxd3 23. Qxd3 e4 24. Qc4 Bxg4 25. Nf4 Bxf4 26. Bxf4 Re8 27. Qb3 Bf3 28. Rc7 Qe6 29. Qxe6 Rxe6 30. Rc3 Rf5 31. Re1 Ra6 32. Rc8+ Kf7 33. Rec1 Rh5 34. R1c7+ Ke6 35. Re8+ Kf6 36. Rf8+ Ke6 37. Re8+ Kf6 38. Rf8+ Ke6 1/2-1/2

[Event "Philadelphia"]
[Site "Philadelphia"]
[Date "1986.??.??"]
[Round "?"]
[White "Klein, Lawrence"]
[Black "Alzate, Dario"]
[Result "0-1"]
[WhiteElo "2365"]
[BlackElo "2365"]
[PlyCount "48"]
[EventDate "1986.??.??"]
[EventType "tourn"]
[EventRounds "11"]
[EventCountry "USA"]
[EventCategory "5"]
[SourceTitle "EXT 1997"]
[Source "ChessBase"]
[SourceDate "1996.11.15"]
[SourceVersion "1"]
[SourceVersionDate "1996.11.15"]
[SourceQuality "1"]

1. d4 Nf6 2. Nf3 e6 3. c4 b6 4. Nc3 Bb4 5. Qc2 Bb7 6. a3 Bxc3+ 7. Qxc3 d6 8. e3 Ne4 9. Qc2 0-0 10. b4 f5 11. Bd3 a5 12. b5 Rf6 13. Bb2 Rg6 14. Rg1 Nd7 15. 0-0-0 c6 16. bxc6 Bxc6 17. d5 Bxd5 18. Nd4 Rc8 19. Kb1 Ne5 20. Nxf5 exf5 21. Bxe5 dxe5 22. f3 Nd6 23. Bxf5 Rxc4 24. Qb3 Rc1+ 0-1

[Event "Philadelphia"]
[Site "Philadelphia"]
[Date "1986.??.??"]
[Round "?"]
[White "Klein, Lawrence"]
[Black "Fedorowicz, John P"]
[Result "0-1"]
[WhiteElo "2365"]
[BlackElo "2500"]
[PlyCount "70"]
[EventDate "1986.??.??"]
[EventType "tourn"]
[EventRounds "11"]
[EventCountry "USA"]
[EventCategory "5"]
[SourceTitle "EXT 1997"]
[Source "ChessBase"]
[SourceDate "1996.11.15"]
[SourceVersion "1"]
[SourceVersionDate "1996.11.15"]
[SourceQuality "1"]

1. d4 Nf6 2. Nf3 e6 3. c4 b6 4. Nc3 Bb7 5. a3 g6 6. g3 c5 7. d5 exd5 8. cxd5 Bg7 9. Bg2 0-0 10. 0-0 d6 11. e4 Nbd7 12. Bf4 Qe7 13. Nd2 Ba6 14. Re1 Nh5 15. Qa4 Bd3 16. Be3 b5 17. Qd1 b4 18. Na4 a5 19. Rc1 Rfb8 20. Bf1 Bxf1 21. Rxf1 Ne5 22. Nc4 Nxc4 23. Rxc4 Nf6 24. Bg5 h6 25. Bxf6 Bxf6 26. axb4 axb4 27. b3 Bd4 28. Qd3 Re8 29. Rcc1 Qxe4 30. Qxe4 Rxe4 31. Rfe1 Rxe1+ 32. Rxe1 c4 33. Rb1 cxb3 34. Nb2 Ra2 35. Nd3 b2 0-1